EL RETO DEL TRABAJO /

Guardat en:
Dades bibliogràfiques
Autor principal: Bastida, Benjamín (autor)
Altres autors: Virgili, María Teresa (autor) (autor)
Format: Llibre
Col·lecció:CUADERNOS CRISTIANISME I JUSTICIA ; 93
Matèries:
Etiquetes: Afegir etiqueta
Sense etiquetes, Sigues el primer a etiquetar aquest registre!

MARC

LEADER 00000nam^a2200000^a^4500
001 000246521
005 20250521000000.0
009 20260310105541.033
020 |a 84-89904-47-2 
035 |a 070099 
037 |a Acervo Xavier Clavigero 
082 |a 205.  |b CRI V. 93 
100 |a Bastida, Benjamín  |e (autor) 
245 1 3 |a EL RETO DEL TRABAJO /  |c BENJAMIN BASTIDA, MA. TERESA VIRGILI 
264 |a Barcelona, España :  |b Cristianisme i Justícia,  |c 1999 
300 |a 32 p. 
336 |a texto  |b txt  |2 rdacontenido 
337 |a sin mediación  |b n  |2 rdamedio 
338 |a volumen  |b nc  |2 rdasoporte 
440 |a CUADERNOS CRISTIANISME I JUSTICIA ;  |v 93 
649 |a XX 
650 |a Trabajo 
650 |a Empleo y Desempleo 
700 |a Virgili, María Teresa  |e (autor) 
910 |a Fondo General 
920 |a Impresos - Libros 
930 |a Colección General 
905 |a 101 
901 |a 070099  |b IT1  |c ACC  |i 070099  |u 20250521 
901 |a 070377  |b IT1  |c ACC  |i 070377  |u 20250521 
902 |a https://opac.biblio.iteso.mx/vufind/Record/000246521